[Event "XII Figueira da Foz Open 2018"]
[Site "Figueira da Foz"]
[Date "2018.11.01"]
[Round "5"]
[White "Dias, Jose Oliveira Gaspa"]
[Black "Sismeiro, Miguel"]
[Result "0-1"]
[WhiteElo "1605"]
[BlackElo "2008"]
[Annotator "NA RC"]
[PlyCount "62"]
[EventDate "2018.10.30"]
[EventType "swiss"]
[EventCountry "POR"]
[SourceTitle "playchess.com"]
[Source "ChessBase"]
[SourceQuality "1"]
[TimeControl "40/5400+30:1800+30"]

{[%evp 15,62,-37,-28,32767,-26,-27,-8,-30,-22,-118,-137,-120,-129,-133,-96,-112,-43,-37,0,0,55,56,53,-57,-33,-37,-44,-65,-41,-62,-53,-73,-33,-89,-70,-361,-448,-591,-630,-3140,-1526,-5481,-5381,-2066,32767,32767,-29996,-29996,-29997]} 1. Nf3 {[%emt 0:00:00]} d5 {[%emt 0:01:33]} 2. g3 {[%emt 0:00:00]} Nf6 {[%emt 0:00:18]} 3. Bg2 {[%emt 0:00:00]} Bg4 {[%emt 0:00:07]} 4. O-O {[%emt 0:01:39]} e6 {[%emt 0:00:07]} 5. d3 {[%emt 0:00:24]} Be7 {[%emt 0:00:26]} 6. Nbd2 {[%emt 0:00:39] A07: Barcza-System (Königsfianchetto mit möglichen Übergängen in andere Systeme)} O-O {[%emt 0:00:46]} (6... c5 7. h3 Bh5 8. g4 Bg6 9. Ne5 Nbd7 10. Nxg6 hxg6 11. e4 dxe4 12. dxe4 Ne5 13. Qe2 g5 {½-½ (32) Ivanchuk,V (2710)-Lupulescu,C (2606) Batumi 2018}) 7. Qe1 {[%emt 0:01:10]} c5 {[%emt 0:03:26]} 8. e4 {[%emt 0:05:24]} Nc6 {[%emt 0:02:41]} 9. c3 {[%emt 0:02:34]} b5 {[%emt 0:12:08]} 10. h3 {[%emt 0:01:50]} Bh5 $146 {[%emt 0:00:45]} ({Vorgänger:} 10... Bxf3 11. Bxf3 Qc7 12. Bg2 d4 13. f4 Rad8 14. Qe2 dxc3 15. bxc3 {0-1 (34) Grasse,H (1523)-Bastians,F (1865) Dortmund 2005}) 11. exd5 {[%emt 0:04:52]} exd5 {[%emt 0:05:53]} 12. Ne5 {[%emt 0:00:24]} (12. Qd1 $11 {remains equal.}) 12... Nxe5 {[%emt 0:03:35]} 13. Qxe5 {[%emt 0:00:30]} Bd6 {[%emt 0:01:51]} 14. Qf5 {[%emt 0:00:09]} Bg6 {[%emt 0:00:18]} 15. Qf3 {[%emt 0:00:04]} Qb6 {[%emt 0:06:48]} (15... Re8 $17 16. c4 Rc8 17. cxb5 Qd7) 16. Nb3 {[%emt 0:00:28]} Rad8 {[%emt 0:19:53]} 17. Bg5 {[%emt 0:00:17]} Be5 {[%emt 0:08:48]} 18. Rae1 {[%emt 0:00:36]} Rfe8 {[%emt 0:01:00]} 19. Nc1 {[%emt 0:00:53]} (19. Nxc5 $14 Qxc5 {[#]} 20. Rxe5 $1 {[%mdl 512]}) 19... d4 {[%emt 0:02:31]} 20. cxd4 {[%emt 0:01:29]} Bxd4 {[%emt 0:00:21]} 21. Rxe8+ {[%emt 0:01:53]} Rxe8 {[%emt 0:00:11]} 22. b3 {[%emt 0:01:01]} h6 {[%emt 0:09:17]} 23. Bxf6 {[%emt 0:00:20]} Qxf6 {[%emt 0:02:18]} 24. Rd1 {[%emt 0:04:13]} Qe5 {[%emt 0:02:15]} 25. Qc6 $2 {[%emt 0:06:27]} (25. Kf1 $17 {war nötig.}) 25... Re6 {[%emt 0:02:46]} 26. Qd5 {[%emt 0:10:18] [#]} (26. Qa8+ $142 Kh7 27. Rf1) 26... Bxf2+ $1 {[%emt 0:03:15]} 27. Kxf2 {[%emt 0:00:07]} Qe3+ {[%emt 0:00:04]} 28. Kf1 {[%emt 0:00:02]} Rf6+ {[%emt 0:00:05]} 29. Bf3 Rxf3+ 30. Kg2 {[%emt 0:03:48]} Rf2+ {[%emt 0:00:52]} 31. Kh1 {[%emt 0:00:07]} Qxg3 {[%emt 0:00:17]} 0-1

[Event "XII Figueira da Foz Open 2018"]
[Site "Figueira da Foz"]
[Date "2018.11.01"]
[Round "5"]
[White "Gama, Joao Goncalo Cereje"]
[Black "Guerreiro, Nuno"]
[Result "0-1"]
[WhiteElo "1598"]
[BlackElo "2069"]
[Annotator "NA"]
[PlyCount "106"]
[EventDate "2018.10.30"]
[EventType "swiss"]
[EventCountry "POR"]
[SourceTitle "playchess.com"]
[Source "ChessBase"]
[SourceQuality "1"]
[TimeControl "40/5400+30:1800+30"]

{[%evp 15,102,29,32767,32767,47,58,53,69,64,57,53,50,53,37,51,46,60,16,76,69,76,-34,105,0,37,27,56,43,113,-104,-39,32767,-31,-108,-96,-306,-298,-572,-372,-250,-106,-235,-254,-244,-233,-243,-21,-31,-39,-50,0,-79,-93,-84,-90,-202,-227,-435,-496,-441,-443,-511,-505,-710,-4734,-12841,-5218,-2252,-12837,-29991,-12844,-2891,-29983,-29983,-12846,-29990,-29991,-29991,-12848,32767,32767,-29993,32767,32767,32767,32767,32767,32767,-662]} 1. e4 {[%emt 0:00:00]} c5 {[%emt 0:01:56]} 2. Nf3 {[%emt 0:00:00]} Nc6 {[%emt 0:00:10]} 3. Bb5 {[%emt 0:00:17]} g6 {[%emt 0:00:39]} 4. O-O {[%emt 0:01:14]} Bg7 {[%emt 0:00:46]} 5. Re1 {[%emt 0:00:37]} Nf6 {[%emt 0:00:08]} 6. c3 {[%emt 0:00:57]} a6 {[%emt 0:01:13]} 7. Bf1 {[%emt 0:00:11]} d6 {[%emt 0:00:49]} 8. h3 {[%emt 0:02:54] LiveBook: 3 Games} e5 {[%emt 0:01:15]} 9. d4 {[%emt 0:07:58]} O-O {[%emt 0:01:12]} 10. d5 {[%emt 0:01:29] B31: Sicilian: 2...Nc6 3 Bb5 g6} (10. a4 b6 11. dxc5 dxc5 12. Qc2 Qc7 13. Na3 Bb7 14. Nd2 Bh6 15. Ndc4 Bxc1 16. Rexc1 Ne7 17. f3 Rad8 18. Qf2 {1-0 (52) Bazant,P (2338)-Nedela,V (2328) Czech Republic 2017}) 10... Ne7 {[%emt 0:00:36]} 11. a4 {[%emt 0:00:21]} b6 {[%emt 0:00:16]} 12. Na3 {[%emt 0:05:09]} Ne8 {[%emt 0:00:22]} 13. Nc4 {[%emt 0:16:02]} Rb8 $146 {[%emt 0:00:34]} ({Predecessor:} 13... f5 14. a5 b5 15. Nb6 Ra7 16. b4 c4 17. Be3 Rb7 18. Nxc8 Qxc8 {1-0 (41) Cafferty,B-Bourne,J Staffordshire 1975}) 14. a5 {[%emt 0:03:12]} b5 {[%emt 0:00:25]} 15. Nb6 {[%emt 0:00:07]} Bb7 {[%emt 0:00:24]} 16. b4 {[%emt 0:02:53]} Nc8 {[%emt 0:00:45]} (16... c4 $11 {remains equal.}) 17. Nxc8 {[%emt 0:01:08]} Rxc8 {[%emt 0:00:33] [#]} 18. Bd2 {[%emt 0:01:44]} (18. c4 $1 $16) 18... h6 $2 {[%emt 0:01:04] [#]} (18... c4 $15) 19. Rc1 {[%emt 0:01:33]} ({White should play} 19. c4 $1 $16) 19... f5 {[%emt 0:01:27]} 20. c4 {[%emt 0:08:12]} bxc4 {[%emt 0:02:45]} 21. Bxc4 {[%emt 0:00:53]} Nf6 {[%emt 0:00:54]} ({Black should try} 21... fxe4 $14 22. Rxe4 Qd7) 22. Nh4 $2 {[%emt 0:09:56]} (22. bxc5 $16 Rxc5 23. exf5) 22... Nxe4 {[%emt 0:01:13]} 23. Nxg6 {[%emt 0:04:08]} Rf7 {[%emt 0:00:39]} 24. Rxe4 {[%emt 0:03:35]} ({Besser ist} 24. Be2 $15) 24... fxe4 {[%emt 0:00:00]} 25. Qg4 $2 {[%emt 0:00:25]} (25. bxc5 $17 {was the only chance.} Rxc5 26. Be3 Rxa5 27. Qg4) 25... cxb4 {[%emt 0:06:12]} 26. Qe6 $2 {[%emt 0:09:24]} (26. Bxb4 {keeps fighting.} Qf6 27. Rc2) 26... Rcc7 {[%emt 0:02:46]} 27. Bxb4 {[%emt 0:01:51]} Rcd7 $2 {[%emt 0:02:27]} (27... Kh7 $19 {and Black stays clearly on top.} 28. Bxd6 Qg5) 28. Rc3 {[%emt 0:01:46]} (28. Rc2 $17 {might work better.}) 28... Kh7 {[%emt 0:01:35]} 29. Rg3 {[%emt 0:02:59]} ({Aber nicht} 29. Bxd6 $2 Rf6 $19) 29... Qf6 {[%emt 0:02:19]} 30. Kh2 {[%emt 0:04:05]} Bc8 $2 {[%emt 0:01:23]} (30... Rd8 $19 31. h4 Rc7) 31. Bxd6 $1 {[%emt 0:03:00]} Rxd6 {[%emt 0:01:05]} 32. Qxc8 {[%emt 0:00:09]} Qxf2 {[%emt 0:02:39]} 33. Nh4 {[%emt 0:04:02]} (33. Qg4 $11 {bleibt in der Remisbreite.} Qf5 {[#]} 34. Nf8+ $1 {[%mdl 512]} Kh8 35. Ng6+ Kh7 36. Nf8+ $1 {[%mdl 512]} Kh8 37. Ng6+ Kh7) 33... Qf4 {[%emt 0:01:34]} 34. Qg4 {[%emt 0:02:45]} Qxg4 {[%emt 0:02:06]} 35. Rxg4 {[%emt 0:00:18]} (35. hxg4 $17 Rc7 36. Ba2) 35... Rf4 {[%emt 0:00:34]} 36. Kg3 $2 {[%emt 0:01:10]} (36. g3 Rxg4 37. hxg4) 36... Bf6 {[%emt 0:01:10]} 37. Rxf4 {[%emt 0:00:26]} exf4+ {[%emt 0:00:07]} 38. Kg4 {[%emt 0:00:08]} Bxh4 {[%emt 0:00:23]} 39. Kxh4 {[%emt 0:00:00]} Rg6 {[%emt 0:00:00]} 40. Bf1 {[%emt 0:00:00]} e3 {[%emt 0:00:00]} 41. Bd3 {[%emt 0:04:11] [#]} Kg7 $1 {[%emt 0:04:59]} 42. g4 {[%emt 0:02:09]} Rd6 {[%emt 0:00:20]} (42... fxg3 $142 43. Bxg6 g2 44. Kg4 g1=Q+ 45. Kf3 Qf2+ 46. Ke4 e2 47. d6 e1=Q+ 48. Kd5 Qf3+ 49. Kc5 Qxa5+ 50. Kd4 Qad5#) 43. Bc4 {[%emt 0:00:58] [#]} Rxd5 $1 {[%emt 0:00:23]} 44. Bxa6 {[%emt 0:01:10]} Rxa5 {[%emt 0:00:23]} 45. Be2 {[%emt 0:00:13]} Ra2 {[%emt 0:00:13]} 46. Bf3 {[%emt 0:00:28]} e2 $19 {[%emt 0:00:13]} 47. Bxe2 {[%emt 0:00:03]} Rxe2 {[%emt 0:00:08]} 48. g5 {[%emt 0:00:08]} Rg2 {[%emt 0:00:41]} 49. gxh6+ {[%emt 0:00:17]} Kh7 {[%emt 0:00:13]} 50. Kh5 {[%emt 0:00:10]} f3 {[%emt 0:00:31]} 51. h4 {[%emt 0:00:03]} Kh8 {[%emt 0:00:12]} (51... Re2 $142 52. Kg5 f2 53. Kg4 f1=Q 54. Kg3 Rg2+ 55. Kh3 Qh1#) 52. h7 {[%emt 0:00:09]} f2 {[%emt 0:00:31]} 53. Kh6 {[%emt 0:00:06]} f1=Q {[%emt 0:00:10]} 0-1

[Event "XII Figueira da Foz Open 2018"]
[Site "Figueira da Foz"]
[Date "2018.11.01"]
[Round "5"]
[White "Moes Joaquim, Carlos"]
[Black "Marcal, Armando Paulo Gomes"]
[Result "0-1"]
[WhiteElo "1415"]
[BlackElo "1751"]
[Annotator "NA"]
[PlyCount "70"]
[EventDate "2018.10.30"]
[EventType "swiss"]
[EventCountry "POR"]
[SourceTitle "playchess.com"]
[Source "ChessBase"]
[SourceQuality "1"]
[TimeControl "40/5400+30:1800+30"]

1. d4 {[%emt 0:04:48]} Nf6 {[%emt 0:00:00]} 2. c4 {[%emt 0:00:08]} e6 {[%emt 0:00:24]} 3. Nc3 {[%emt 0:00:10]} Bb4 {[%emt 0:00:38]} 4. Nf3 {[%emt 0:00:19]} b6 {[%emt 0:00:20]} 5. e3 {[%emt 0:01:14]} Bb7 {[%emt 0:00:14]} 6. Be2 {[%emt 0:00:27]} O-O {[%emt 0:00:31]} 7. O-O c6 8. Qc2 {[%emt 0:04:07]} d5 {[%emt 0:00:51]} 9. a3 {[%emt 0:00:30]} Bxc3 {[%emt 0:03:13]} 10. Qxc3 {[%emt 0:08:55]} Nbd7 {[%emt 0:01:43]} 11. Rd1 {[%emt 0:00:50]} Ne4 {[%emt 0:00:51]} 12. Qc2 {[%emt 0:02:47]} Qf6 {[%emt 0:02:22]} 13. b4 {[%emt 0:02:25]} Rfd8 14. Bb2 {[%emt 0:00:30]} Qh6 15. Rac1 {[%emt 0:00:30]} Ndf6 16. Ne5 {[%emt 0:00:30]} Nxf2 17. Kxf2 {[%emt 0:00:30]} Ne4+ 18. Ke1 {[%emt 0:00:30]} Qh4+ 19. g3 {[%emt 0:00:30]} Qxh2 20. Bf3 {[%emt 0:00:30]} Qxg3+ 21. Ke2 {[%emt 0:00:30]} Qh2+ 22. Kf1 {[%emt 0:00:30]} Ng3+ 23. Ke1 {[%emt 0:00:30]} Qg1+ 24. Kd2 {[%emt 0:00:30]} Qf2+ 25. Kd3 {[%emt 0:00:30]} dxc4+ 26. Kxc4 {[%emt 0:00:30]} Qxe3 27. Rd3 {[%emt 0:00:30]} Ba6+ 28. Kc3 {[%emt 0:00:30]} Bxd3 29. Qxd3 {[%emt 0:00:30]} Qf4 30. Rg1 {[%emt 0:00:30]} Nf5 31. Bc1 {[%emt 0:00:30]} Qh2 32. Rg2 {[%emt 0:00:30]} Qh4 33. Bd2 {[%emt 0:00:30]} a5 34. Rg4 {[%emt 0:00:30]} axb4+ 35. Kxb4 {[%emt 0:00:30]} Qe7+ 0-1

[Event "XII Figueira da Foz Open 2018"]
[Site "Figueira da Foz"]
[Date "2018.11.01"]
[Round "5"]
[White "Goncalves, Lucas Jordao"]
[Black "Ferreira, Cristina"]
[Result "0-1"]
[WhiteElo "1401"]
[BlackElo "1069"]
[Annotator "NA RC"]
[PlyCount "59"]
[EventDate "2018.10.30"]
[EventType "swiss"]
[EventCountry "POR"]
[SourceTitle "playchess.com"]
[Source "ChessBase"]
[SourceQuality "1"]
[TimeControl "40/5400+30:1800+30"]

1. e4 {[%emt 0:01:53]} e5 {[%emt 0:00:00]} 2. Nf3 {[%emt 0:00:08]} Nc6 {[%emt 0:00:05]} 3. Bc4 {[%emt 0:00:11]} Be7 {[%emt 0:01:08]} 4. c3 {[%emt 0:00:41]} Nh6 {[%emt 0:02:53]} 5. d3 {[%emt 0:00:12]} d6 {[%emt 0:05:17]} 6. O-O {[%emt 0:00:11]} Bg4 {[%emt 0:02:24]} 7. Bxh6 {[%emt 0:00:21]} gxh6 {[%emt 0:01:52]} 8. Nbd2 {[%emt 0:00:05]} Rf8 {[%emt 0:02:14]} 9. Qb3 {[%emt 0:00:40]} Na5 {[%emt 0:05:02]} 10. Qa4+ {[%emt 0:01:08]} Bd7 {[%emt 0:03:26]} 11. Qxa5 {[%emt 0:00:15]} b6 {[%emt 0:07:29]} 12. Qa6 Rg8 {[%emt 0:00:30]} 13. b4 Bg5 {[%emt 0:00:30]} 14. Qa3 Qe7 {[%emt 0:00:30]} 15. Kh1 Kf8 {[%emt 0:00:30]} 16. Rad1 Qf6 {[%emt 0:00:30]} 17. Nxg5 Qxg5 {[%emt 0:00:30]} 18. Rg1 Rg7 {[%emt 0:00:30]} 19. Nf3 Qf6 {[%emt 0:00:30]} 20. Qc1 Ke7 {[%emt 0:00:30]} 21. Qe3 Rag8 {[%emt 0:00:30]} 22. d4 Qg6 {[%emt 0:00:30]} 23. dxe5 b5 {[%emt 0:00:30]} 24. exd6+ cxd6 {[%emt 0:00:30]} 25. e5 Qxg2+ {[%emt 0:00:30]} 26. Rxg2 d5 {[%emt 0:00:30]} 27. Qc5+ Ke6 {[%emt 0:00:30]} 28. Qd6+ Kf5 {[%emt 0:00:30]} 29. Qf6+ Ke4 {[%emt 0:00:30]} 30. Rd4# 0-1

[Event "XII Figueira da Foz Open 2018"]
[Site "Figueira da Foz"]
[Date "2018.11.01"]
[Round "5"]
[White "Fonseca, Rene Gil Bakker"]
[Black "Soares, Sara Joana De Moura"]
[Result "1/2-1/2"]
[WhiteElo "1378"]
[BlackElo "1481"]
[Annotator "NA RC"]
[PlyCount "96"]
[EventDate "2018.10.30"]
[EventType "swiss"]
[EventCountry "POR"]
[SourceTitle "playchess.com"]
[Source "ChessBase"]
[SourceQuality "1"]
[TimeControl "40/5400+30:1800+30"]

1. e4 {[%emt 0:00:00]} e5 {[%emt 0:00:00]} 2. Nf3 {[%emt 0:00:00]} Nc6 {[%emt 0:00:00]} 3. Bb5 {[%emt 0:00:00]} a6 {[%emt 0:00:14]} 4. Ba4 {[%emt 0:00:00]} Nf6 {[%emt 0:00:17]} 5. O-O {[%emt 0:00:07]} Be7 {[%emt 0:00:29]} 6. Re1 {[%emt 0:00:18]} b5 {[%emt 0:00:29]} 7. Bb3 {[%emt 0:00:08]} O-O {[%emt 0:00:13]} 8. c3 {[%emt 0:00:15]} d6 {[%emt 0:00:19]} 9. h3 {[%emt 0:01:12]} Na5 {[%emt 0:00:28]} 10. Bc2 {[%emt 0:00:52]} c5 {[%emt 0:00:22]} 11. d4 {[%emt 0:01:46]} cxd4 {[%emt 0:01:37]} 12. cxd4 {[%emt 0:00:35]} Qc7 {[%emt 0:00:43]} 13. Nbd2 {[%emt 0:05:54]} Bd7 {[%emt 0:05:56]} 14. Nf1 {[%emt 0:08:37]} Rfc8 {[%emt 0:06:50]} 15. Re2 {[%emt 0:01:00]} Nc6 {[%emt 0:02:25]} 16. Bg5 {[%emt 0:04:02]} h6 {[%emt 0:08:13]} 17. Bxf6 {[%emt 0:07:14]} Bxf6 {[%emt 0:00:24]} 18. dxe5 {[%emt 0:10:03]} dxe5 {[%emt 0:13:25]} 19. Rc1 {[%emt 0:09:01]} Nb4 20. Bb3 {[%emt 0:01:16]} Qxc1 {[%emt 0:07:33]} 21. Qxd7 {[%emt 0:01:18]} Qc7 {[%emt 0:01:06]} 22. Rd2 {[%emt 0:04:18]} Ra7 {[%emt 0:18:29]} 23. Qg4 {[%emt 0:10:03]} Rd8 {[%emt 0:03:52]} 24. Rxd8+ {[%emt 0:10:29]} Qxd8 {[%emt 0:00:06]} 25. Kh2 {[%emt 0:02:03]} Nd3 {[%emt 0:04:24]} 26. Ng3 {[%emt 0:01:43]} Nxf2 {[%emt 0:06:09]} 27. Qg6 {[%emt 0:01:01]} Nd3 {[%emt 0:03:57]} 28. Nh5 {[%emt 0:02:14]} Qe7 {[%emt 0:02:08]} 29. Nh4 {[%emt 0:04:53]} Kh8 {[%emt 0:07:24]} 30. Qg4 {[%emt 0:05:48]} g6 {[%emt 0:05:08]} 31. Nxf6 {[%emt 0:03:09]} Qxf6 {[%emt 0:00:02]} 32. Qc8+ {[%emt 0:00:24]} Kg7 {[%emt 0:00:42]} 33. Nf3 {[%emt 0:02:29]} Qf4+ {[%emt 0:00:21]} 34. Kg1 {[%emt 0:00:42]} Qc1+ {[%emt 0:00:13]} 35. Qxc1 {[%emt 0:00:20]} Nxc1 {[%emt 0:00:02]} 36. Bd5 {[%emt 0:00:31]} Nd3 {[%emt 0:00:37]} 37. b3 {[%emt 0:00:27]} f5 {[%emt 0:00:28]} 38. Kf1 {[%emt 0:00:43]} Nb4 {[%emt 0:01:15]} 39. Be6 {[%emt 0:02:06]} fxe4 {[%emt 0:01:00]} 40. a3 {[%emt 0:00:00]} exf3 {[%emt 0:00:00]} 41. axb4 {[%emt 0:01:52]} fxg2+ {[%emt 0:00:27]} 42. Kxg2 {[%emt 0:00:13]} Kf6 {[%emt 0:00:13]} 43. Bc8 {[%emt 0:01:57]} a5 {[%emt 0:00:27]} 44. bxa5 {[%emt 0:00:49]} Rxa5 {[%emt 0:00:01]} 45. Bd7 {[%emt 0:00:19]} Ra2+ {[%emt 0:01:13]} 46. Kf3 {[%emt 0:00:21]} Rb2 {[%emt 0:00:07]} 47. Ke4 {[%emt 0:00:22]} Rxb3 {[%emt 0:00:13]} 48. Bg4 {[%emt 0:00:31]} Rb4+ {[%emt 0:00:22]} 1/2-1/2

[Event "XII Figueira da Foz Open 2018"]
[Site "Figueira da Foz"]
[Date "2018.11.02"]
[Round "7"]
[White "Del Rio De Angelis, Salvador G."]
[Black "Galego, Luis"]
[Result "1/2-1/2"]
[WhiteElo "2547"]
[BlackElo "2473"]
[Annotator "TA"]
[PlyCount "153"]
[EventDate "2018.10.30"]
[EventType "swiss"]
[EventCountry "POR"]
[SourceTitle "playchess.com"]
[Source "ChessBase"]
[SourceQuality "1"]

{[%evp 14,153,10,0,0,0,8,0,55,40,63,31,68,65,65,64,64,66,68,59,64,56,62,66,59,58,70,68,70,45,64,63,70,66,74,74,72,77,84,72,95,94,98,98,98,91,115,86,109,101,102,97,104,104,120,114,122,100,104,103,115,111,114,114,137,137,161,160,235,222,335,321,395,395,375,385,378,321,321,0,349,0,307,307,347,337,412,371,431,395,434,421,437,375,347,237,225,218,274,146,144,145,143,144,154,160,156,142,138,136,143,136,154,147,150,115,125,125,125,125,143,142,142,0,142,142,142,115,115,20,20,0,119,0,139,134,142,112,139,133,127,0]} 1. d4 Nf6 2. c4 e6 3. Nc3 Bb4 4. e3 O-O 5. Bd3 d5 6. cxd5 exd5 7. Nge2 Nbd7 {E48: Nimzo-Indian: Rubinstein: 5 Bd3 d5 including 6 Ne2, but excluding 6 a3} (7... Re8 8. Bd2 Bd6 9. O-O a6 10. Rc1 Nbd7 11. Nf4 c6 12. f3 Nf8 13. Kh1 Ng6 14. Nce2 Qb6 15. b3 Bd7 {½-½ (62) Fressinet,L (2645)-Gharamian,T (2614) Nimes 2018}) 8. O-O {LiveBook: 3 Games} Bd6 9. Nf4 c6 {The position is equal.} 10. f3 Bxf4 $146 (10... Qb6 $11) ({Predecessor:} 10... Qc7 11. g3 Bxf4 12. exf4 c5 13. Be3 Re8 14. Qd2 b6 15. Rac1 {1-0 (37) El Debs,F (2503)-Gorti,A (2211) Washington DC 2015}) 11. exf4 $14 c5 12. Kh1 cxd4 13. Ne2 {[%cal Bc3e2,Be2d4,Bd4b5][%mdl 32]} Nc5 14. Nxd4 Nxd3 15. Qxd3 Re8 16. Bd2 Qd6 17. Nb5 Qb6 18. Bc3 Bd7 19. Nd4 Nh5 20. f5 Qh6 21. Bd2 Qd6 22. Rfe1 h6 23. Bc3 Nf6 24. g4 Rxe1+ 25. Rxe1 Re8 26. Rg1 Qe7 27. Qd2 Qe3 28. Qxe3 Rxe3 29. Kg2 Re8 30. Kf2 Rd8 31. Rd1 Ne8 32. Ne2 Bc6 33. Be5 Nd6 34. b3 Nc8 35. Nf4 f6 36. Bd4 Kf7 37. Bc5 Rd7 38. Ne6 a6 39. h4 {[%cal Bh2h4,Bh4h5][%mdl 32]} Nd6 40. h5 Ne8 (40... Nc8 $16 41. Re1 Ne7) 41. Bb6 Rd6 (41... Nd6 $142 42. Kg3 Kg8) 42. Re1 Bb5 43. Bc5 Rd7 44. a4 Bc6 45. Bb6 Nd6 46. Bc5 Ne8 $1 47. Bb6 Nd6 48. Rc1 Nc8 49. Ba5 Ne7 50. Nd4 Kg8 51. Ke3 Kf7 52. Kd2 Kg8 53. Rc3 Kf7 54. Bb4 Rc7 55. Re3 Nc8 56. Ne6 (56. Ba5 $18 b6 57. Rc3 bxa5 58. Rxc6 (58. Nxc6 Ke8 $18) 58... Rxc6 59. Nxc6) 56... Rd7 $16 57. Kd3 d4 58. Nxd4 Nb6 {White should prevent ...Nd5.} 59. Bc5 Nd5 60. Re1 Nf4+ 61. Kc2 Bd5 {[#] ...Rc7 is the strong threat.} 62. a5 Ng2 63. Re2 Nf4 64. Rd2 Rc7 65. b4 Rd7 66. Kc3 Ke8 67. Rd1 Kf7 {and if ...Bxf3 works, Black does fine.} 68. Rd2 Ke8 $1 69. Rh2 Kf7 70. Kd2 {Threatens to win with Ke3.} Bc4 {[#]} 71. Ke3 (71. Kc2 $1 $16) 71... Nd5+ $11 72. Kd2 ({White should try} 72. Ke4 $11) 72... Nf4 $1 $16 73. Kc3 Bd5 $1 74. Rh1 Rd8 75. Re1 Rd7 76. Rb1 Rd8 77. Re1 {Precision: White = 67%, Black = 49%.} (77. Kd2 $16) 1/2-1/2

[Event "XII Figueira da Foz Open 2018"]
[Site "Figueira da Foz"]
[Date "2018.11.02"]
[Round "7"]
[White "Jakubowski, Krzysztof"]
[Black "Oratovsky, Michael"]
[Result "1-0"]
[WhiteElo "2511"]
[BlackElo "2466"]
[Annotator "TA"]
[PlyCount "61"]
[EventDate "2018.10.30"]
[EventType "swiss"]
[EventCountry "POR"]
[SourceTitle "playchess.com"]
[Source "ChessBase"]
[SourceQuality "1"]

{[%evp 20,61,2,0,0,0,0,0,0,-43,-18,-106,-98,-79,-86,-100,-16,-18,0,0,0,0,0,0,0,0,0,-12,48,60,56,47,83,102,1966,1809,29965,2327,29988,29989,29989,29971,29984,29985]} 1. d4 d6 2. e4 Nf6 3. Nc3 e5 4. Nge2 c6 5. g3 b5 6. a3 Be7 7. Bg2 O-O 8. O-O Nbd7 9. h3 {B07: Pirc Defence: Miscellaneous Systems} a5 10. g4 Ba6 11. Ng3 {LiveBook: 10 Games. The position is equal.} exd4 12. Qxd4 b4 13. Nce2 {[#]} bxa3 $146 ({Predecessor:} 13... d5 14. e5 Bxe2 15. Nxe2 Bc5 16. Qf4 Nxe5 17. Qxe5 {0-1 (43) Moiseenko,A (2707)-Caruana,F (2791) Dubai 2014}) 14. Re1 {[#]} d5 $1 {[%mdl 512]} 15. e5 {[#]} (15. exd5 $11 Bc5 16. Qf4 Nxd5 17. Bxd5 cxd5 18. bxa3) 15... Re8 $1 $17 {Strongly threatening ...Bc5.} 16. bxa3 Bc5 17. Qc3 {[#]} Rxe5 ({Black should try} 17... Qb6 $1 $17 18. exf6 Bxf2+ 19. Kh1 Bxe2 20. Nxe2 Bxe1 21. Qxe1 Qb5) 18. Bf4 $11 Re6 {aiming for ...Qb6.} 19. Nd4 Rxe1+ 20. Rxe1 Qb6 21. Ngf5 Re8 22. Rxe8+ Nxe8 23. Qe3 Nef6 (23... Kf8 $11) 24. g5 $1 $14 {[%cal Rg5f6]} Ne4 $1 25. Bxe4 dxe4 26. Qxe4 {Hoping for Qe8+.} Bf8 $2 {[%mdl 8192]} (26... Nf8 $16) 27. Qe8 $18 c5 28. Nc6 {Be5 would kill now.} Bb7 29. Nfe7+ {White mates.} Kh8 30. Qxd7 Qb1+ 31. Kh2 {Precision: White = 69%, Black = 32%.} 1-0

[Event "XII Figueira da Foz Open 2018"]
[Site "Figueira da Foz"]
[Date "2018.11.02"]
[Round "7"]
[White "Rotstein, Arkadij"]
[Black "Stella, Andrea"]
[Result "0-1"]
[WhiteElo "2476"]
[BlackElo "2500"]
[Annotator "TA"]
[PlyCount "54"]
[EventDate "2018.10.30"]
[EventType "swiss"]
[EventCountry "POR"]
[SourceTitle "playchess.com"]
[Source "ChessBase"]
[SourceQuality "1"]

{[%evp 15,54,0,-8,-14,-18,-15,-3,-11,0,0,0,0,0,0,-1,-16,-6,-11,-8,0,0,-31,0,0,-2,-20,-21,-26,-21,-21,-26,-26,0,0,0,-79,-78,-86,-83,-521,-520]} 1. d4 d5 2. Nf3 Nf6 3. e3 c6 4. c4 Bg4 5. Qb3 Qb6 6. Bd3 {D11: Slav Defence: 3 Nf3 sidelines and 3...Nf6 4 e3 Bg4} (6. Ne5 Be6 7. Nc3 Nbd7 8. Nxd7 Bxd7 9. cxd5 Nxd5 10. Bc4 Qxb3 11. Bxb3 e6 12. Ne4 Be7 13. Bd2 b6 14. Rc1 {½-½ (44) Wojtaszek,R (2727)-Yu,Y (2765) Batumi 2018}) 6... Nbd7 7. Nc3 e6 8. Bd2 Be7 {LiveBook: 9 Games} 9. O-O dxc4 $146 ({Predecessor:} 9... O-O 10. cxd5 exd5 11. h3 Bh5 12. Qc2 Bd6 13. Nh4 Bg6 14. Nxg6 fxg6 {1-0 (32) Vichnar,D (2263)-Kucera,P (2252) Czechia 2014}) 10. Bxc4 O-O 11. Rac1 c5 12. Ne5 cxd4 13. Nxd7 Nxd7 14. exd4 $1 Qxd4 15. Be3 Qe5 16. Qxb7 Bd6 {[%csl Gd6][%cal Re5h2]} 17. g3 Nc5 18. Qb5 {Strongly threatening Bf4.} Rfb8 19. Qa5 {Hoping for Bf4.} Bf3 ({Reject} 19... Rxb2 $6 20. Bf4 $16) 20. b4 {[%cal Re3c5]} Nd7 $36 {[%mdl 2048] White is under pressure.} 21. Nb5 Qh5 {( -> ...Qh3)} 22. Rfe1 $1 {[#]} (22. Nxd6 $2 {is a self mate.} Qh3 23. Qd8+ Rxd8 24. Bg5 Qg2#) 22... Bxb4 $1 {[%mdl 512]} 23. Qxb4 {Black must now prevent Bf4.} a6 {[%cal Ba7a6,Ba6b5][%mdl 32]} 24. Bf4 e5 {[%cal Be6e5,Be5f4][%mdl 32]} 25. Qe7 (25. Qd2 $11 axb5 26. Bd5) 25... axb5 $17 26. Qxd7 exf4 27. Bb3 $2 {[%mdl 8192] [#]} (27. Bf1 $17) 27... Rd8 $1 {Precision: White = 44%, Black = 65%.} 0-1